000 00491nam a2200169Ia 4500
003 LK-CoDNM
008 010623t1991 xxu||||| |||| 00| 1 eng d
040 _aLK-CoDNM
_dLK-CoDNM
_eLK-CoDNM
041 _aeng
080 _a343.57
_bSLA
100 _aPereira,Ravi
245 _aNddcb Handbook Of Drug Abuse Information Sri Lanka (1981-1989)
260 _bResearch Division,National Dangerous Drugs Control Board
_aColombo
_c1991
300 _bp.53, 28 cm
650 _aAlcohol
942 _cBK
999 _c115019
_d115019